| 000 | 00419nab a2200145Ia 4500 | ||
|---|---|---|---|
| 003 | ES-SlBCS | ||
| 005 | 20210601132133.0 | ||
| 008 | 140529s1940 xxu||||| |||| 00| 0 ita d | ||
| 041 | _aita | ||
| 100 | 1 |
_aWalz, Angelo _9133357 |
|
| 245 | 0 | 0 |
_aNote di storiografia ecclesiastica _c Angelo Walz |
| 650 | 0 | 4 |
_aHistoriografía Eclesiástica _9192013 |
| 773 | 0 |
_tAngelicum _gvol. 17, 1940, págs. 245-256 _wRev26 |
|
| 942 | _cAR | ||
| 999 |
_c574877 _d574877 |
||